| 000 | 00713nam a2200229Ia 4500 | ||
|---|---|---|---|
| 001 | 15595 | ||
| 003 | GE_BSU | ||
| 008 | 181216s||||||||xx |||||||||||||| ||und|| | ||
| 040 | _cGE_BSU | ||
| 080 | _a821.353.1-31 | ||
| 100 | _aწულეისკირი, ნოდარ | ||
| 245 | _aთუთარჩელა | ||
| 245 | _bრომანი | ||
| 245 | _cრედ.ჯ.ნიქაბაძე. მხატვ.თ.მაცაბერიძე | ||
| 260 | _aთბილისი | ||
| 260 | _bსაბჭოთა საქართველო | ||
| 260 | _c1971 | ||
| 300 | _a252 გვ. ; 20 სმ | ||
| 653 | _aთუთარჩელა | ||
| 653 | _aრომანი | ||
| 942 | _cBK | ||
| 999 |
_c48695 _d48695 |
||